Statistics for Countries Visiting Bosnia and Herzegovina the Most

Click here to take the quiz!

General Stats

  • This quiz has been taken 305 times
  • The average score is 9 of 14

Answer Stats

VisitorsCountry% Correct
96.965Croatia
98%
77.852Serbia
98%
34.607Germany
91%
52.056Italy
86%
55.511Slovenia
84%
15.851France
83%
25.926United States
82%
90.712Turkey
76%
23.889 Austria
70%
39.811Poland
58%
31.776China
54%
20,684Saudi Arabia
29%
52.056South Korea
14%
24.402Malaysia
5%

Score Distribution

Percentile by Number Answered

Percent of People with Each Score

Your Score History

You have not taken this quiz